00439nam a22001577a 450000500170000000800410001702000180005804000210007604100080009708200200010524500660012525000120019126000470020330000100025065000210026020230406104359.0230406b ||||| |||| 00| 0 eng d a9789382931614 aIN-DiNCcIN-DiNC dasm a398.054162bUTT aUttar purbanchalar bostu sanskriti-I/ced. by Ajanta Rajkhowa a1st ed. aGolaghat:bPragjyotika kabya kanan,c2016. a314p. aCulture of Assam